Land reform under structural adjustment in Zimbabwe : (Record no. 124389)
[ view plain ]
| 000 -LEADER | |
|---|---|
| fixed length control field | 01080mam a2200313 a 4500 |
| 001 - CONTROL NUMBER | |
| control field | 2772767 |
| 003 - CONTROL NUMBER IDENTIFIER | |
| control field | ARRUPE |
| 005 - DATE AND TIME OF LATEST TRANSACTION | |
| control field | 20160318115836.0 |
| 008 - FIXED-LENGTH DATA ELEMENTS--GENERAL INFORMATION | |
| fixed length control field | 000125s2000 sw bs 000 0 eng |
| 010 ## - LIBRARY OF CONGRESS CONTROL NUMBER | |
| LC control number | 00416518 |
| 020 ## - INTERNATIONAL STANDARD BOOK NUMBER | |
| International Standard Book Number | 9171064575 |
| 035 ## - SYSTEM CONTROL NUMBER | |
| System control number | (OCoLC)45835217 |
| 035 ## - SYSTEM CONTROL NUMBER | |
| System control number | (OCoLC)ocm45835217 |
| 035 ## - SYSTEM CONTROL NUMBER | |
| System control number | (NNC)2772767 |
| 040 ## - CATALOGING SOURCE | |
| Original cataloging agency | DLC |
| Transcribing agency | DLC |
| 043 ## - GEOGRAPHIC AREA CODE | |
| Geographic area code | f-rh--- |
| 050 00 - LIBRARY OF CONGRESS CALL NUMBER | |
| Classification number | HD1333.Z55 |
| Item number | M689 2000 |
| 300 ## - PHYSICAL DESCRIPTION | |
| Dimensions | 24 cm. |
| 100 1# - MAIN ENTRY--PERSONAL NAME | |
| Personal name | Moyo, Sam. |
| 9 (RLIN) | 22996 |
| 245 10 - TITLE STATEMENT | |
| Title | Land reform under structural adjustment in Zimbabwe : |
| Remainder of title | land use change in the Machonaland provinces / |
| Statement of responsibility, etc | Sam Moyo. |
| 260 ## - PUBLICATION, DISTRIBUTION, ETC. (IMPRINT) | |
| Place of publication, distribution, etc | Uppsala : |
| Name of publisher, distributor, etc | Nordiska Afrikainstitutet ; |
| Place of publication, distribution, etc | Somerset, NJ : |
| Name of publisher, distributor, etc | Distributor in N. America, Transaction Publishers, |
| Date of publication, distribution, etc | c2000. |
| 300 ## - PHYSICAL DESCRIPTION | |
| Extent | 225 p. ; |
| 504 ## - BIBLIOGRAPHY, ETC. NOTE | |
| Bibliography, etc | Includes bibliographical references (p. [167]-176). |
| 650 #0 - SUBJECT ADDED ENTRY--TOPICAL TERM | |
| Topical term or geographic name as entry element | Land reform |
| Geographic subdivision | Zimbabwe. |
| 9 (RLIN) | 11113 |
| 650 #0 - SUBJECT ADDED ENTRY--TOPICAL TERM | |
| Topical term or geographic name as entry element | Land tenure |
| Geographic subdivision | Zimbabwe. |
| 9 (RLIN) | 11112 |
| 650 #0 - SUBJECT ADDED ENTRY--TOPICAL TERM | |
| Topical term or geographic name as entry element | Land use, Rural |
| Geographic subdivision | Zimbabwe. |
| 9 (RLIN) | 22997 |
| 650 #0 - SUBJECT ADDED ENTRY--TOPICAL TERM | |
| Topical term or geographic name as entry element | Structural adjustment (Economic policy) |
| Geographic subdivision | Zimbabwe. |
| 9 (RLIN) | 22998 |
| 942 ## - ADDED ENTRY ELEMENTS (KOHA) | |
| Source of classification or shelving scheme | Library of Congress Classification |
| Koha item type | Monograph ( Printed materials) |
| Withdrawn status | Lost status | Source of classification or shelving scheme | Damaged status | Not for loan | Collection code | Home library | Current library | Shelving location | Date acquired | Total Checkouts | Full call number | Barcode | Date last seen | Date checked out | Price effective from | Koha item type |
|---|---|---|---|---|---|---|---|---|---|---|---|---|---|---|---|---|
| Library of Congress Classification | Main Collection | ARRUPE LIBRARY | ARRUPE LIBRARY | Main Collection | 18/03/2016 | 1 | HD1333.Z55 M689 2000 | 46500006348 | 08/05/2018 | 10/03/2018 | 18/03/2016 | Monograph ( Printed materials) | ||||
| Library of Congress Classification | Main Collection | ARRUPE LIBRARY | ARRUPE LIBRARY | Main Collection | 25/09/2019 | HD1333.Z55 M689 2000 | 46500027719 | 25/09/2019 | 25/09/2019 | Monograph ( Printed materials) |